书目信息 |
| 题名: |
生态地理学
|
|
| 作者: | 考克斯 穆尔 ;赵铁桥 | |
| 分册: | ||
| 出版信息: | 北京 高等教育出版社 2007 |
|
| 页数: | 411 | |
| 开本: | 26cm | |
| 丛书名: | ||
| 单 册: | ||
| 中图分类: | Q15 | |
| 科图分类: | ||
| 主题词: | 分布学(生物学) , 生物地理学 | |
| 电子资源: | ||
| ISBN: | 7-04-020432-2 | |
| 000 | 00661nam0 2200217 450 | |
| 001 | 1735846483 | |
| 005 | 20170410095726.48 | |
| 010 | @a7-04-020432-2 | |
| 100 | @a20170410d km y0chiy0120 ea | |
| 101 | 0 | @achi |
| 200 | 1 | @a生态地理学@Asheng tai di li xue@e生态和进化的途径@f考克斯 穆尔@Fkao ke si mu er@g赵铁桥@Gzhao tie qiao |
| 205 | @a7版 | |
| 210 | @a北京@c高等教育出版社@d2007 | |
| 215 | @a411@c彩图@d26cm | |
| 606 | 0 | @a分布学(生物学) |
| 606 | 0 | @a生物地理学 |
| 690 | @aQ15@v4 | |
| 701 | 0 | @a考克斯 穆尔@Akao ke si mu er |
| 702 | 0 | @a赵铁桥@Azhao tie qiao |
| 801 | 0 | @aCN@b大连网信软件有限公司图书馆·11@c20170410 |
| 905 | @b6604186@dQ15@en1@f1 | |
| 生态地理学:生态和进化的途径/考克斯 穆尔/赵铁桥.-7版.-北京:高等教育出版社,2007 |
| 411:彩图;26cm |
| ISBN 7-04-020432-2: |
| ● |
| 相关链接 |
|
|
|
|
正题名:生态地理学
索取号:Q15/n1
 
预约/预借
| 序号 | 登录号 | 条形码 | 馆藏地/架位号 | 状态 | 备注 |
| 1 | 6604186 | 266041865 | 密集书库-生命科学系/ [索取号:Q15/n1] | 在馆 |